000 00685nam a2200229Ia 4500
001 9747
003 GE_BSU
008 181216s||||||||xx |||||||||||||| ||und||
010 _a9789940973
040 _cGE_BSU
080 _a821.353.1-1
100 _aაბაშიძე,გრიგოლ
245 _aასი ლექსი
245 _cშემდგ:დავით აბაშიძე;წინათქმა ბესიკ ხარნაული
260 _aთბილისი
260 _bინტელექტი
260 _c2007
300 _a140გვ;20სმ.
541 _h5ლ.70თ.
653 _aასი ლექსი
942 _cBK
999 _c43027
_d43027